FC Girondins de Bordeaux - Quiz - Statistiques

Statistiques générales
  • Ce quiz a été pris 1 315 fois
    1 289 depuis la dernière actualisation
  • Le résultat moyen est 10 sur 17
Statistiques - réponses
Indice Réponse % Correct
Nom du Stade Matmut Atlantique
91%
1 Yoann Gourcuff
81%
3 Yoann Gourcuff
81%
2 Jules Koundé
80%
1 Malcom
80%
Année de création du club 1881
73%
4 Aurélien Tchouaméni
73%
Commune où se situe le centre d'entraînement du FCGB le Haillan
72%
Appellation donnée à la forme en V sur le maillot le scapulaire
71%
Meilleur buteur du club Alain Giresse
67%
Joueur le plus capé Alain Giresse
67%
2 Rémi Oudin
50%
3 Pauleta
40%
Entraîneur actuel Paulo Sousa
31%
4 Jean-Claude Darcheville
27%
4 Fernando Cavenaghi
21%
5 Sylvain Wiltord
21%
Aucun quiz correspondant
Distribution des résultats
% des personnes avec chaque résultat
Percentile par nombre de réponses
Votre historique - résultats
Vous n’avez pas pris ce quiz depuis la dernière actualisation